000 00531nam a2200169Ia 4500
003 GCL
008 140319s9999 xx 000 0 ara d
040 _aGCL /
_cGCL
082 0 4 _a922.3
_bر و
100 1 _aردفيك، اليوت
245 1 0 _aوليم ادوارد دوبوا : دراسة فى قيادة جماعة الاقلية /
_cردفيك، اليوت
700 1 _aفاروق عبدالقادر (مترجم)
300 _a447 ص
490 _aالالف كتاب
_v0
650 0 4 _aالاجتماع
942 _2ddc
_cBK
999 _c43937
_d43937